| 000 | 00731cam a2200265 4500 | ||
|---|---|---|---|
| 008 | 090401t1995 xxu||||| |||| 00| 0 eng d | ||
| 020 | _a0117531855 | ||
| 035 | _a(Sirsi) u74355 | ||
| 041 | _aeng | ||
| 050 | _a614.76 | ||
| 110 |
_aUnited Kingdom _bDepartment of the Environment _9982 |
||
| 245 | _aLandfill design, construction and operational practice. | ||
| 260 |
_aLondon _bHMSO _c1995 |
||
| 300 | _a289p. ; 30cm. | ||
| 350 | _a23 | ||
| 490 |
_aWaste Management Paper _v26B |
||
| 650 | _aDEVELOPMENT | ||
| 650 | _aLANDFILL DESIGN | ||
| 650 | _aLANDFILL SITES | ||
| 650 | _aSITE INVESTIGATION | ||
| 650 | _aWASTE MANAGEMENT | ||
| 690 | _aENVIRONMENTAL AND LAND CONSULTANCY | ||
| 942 | _n0 | ||
| 948 | _c04/03/1997 | ||
| 999 |
_c95817 _d95817 |
||